Miasta w których były letnie igrzyska olimpijskie - Statystyki

Ogólne statystyki
  • Ten quiz został rozwiązany 784 razy
  • Średni wynik to 27 z 34
Statystyki odpowiedzi
Rok Miasto % Poprawnych
1908 Londyn
97%
1944 Londyn
97%
1948 Londyn
97%
2012 Londyn
97%
1896 Ateny
96%
2004 Ateny
96%
1900 Paryż
95%
1924 Paryż
95%
2024 Paryż
95%
1964 Tokio
95%
2020 Tokio
95%
1980 Moskwa
93%
2008 Pekin
93%
1916 Berlin
92%
1936 Berlin
92%
2016 Rio de Janeiro
91%
1960 Rzym
87%
2000 Sydney
87%
1992 Barcelona
86%
1932 Los Angeles
82%
1984 Los Angeles
82%
2028 Los Angeles
82%
1972 Monachium
75%
1988 Seul
72%
1912 Sztokholm
71%
1940 Helsinki
68%
1952 Helsinki
68%
1968 Meksyk
67%
1996 Atlanta
66%
1928 Amsterdam
65%
1976 Montreal
57%
1956 Melbourne
48%
1920 Antwerpia
36%
1904 Saint Louis
26%
Nie znaleziono quizów pasujących do podanych kryteriów
Rozkład punktacji
Procent ludzi z każdym wynikiem
Percentyl według liczby udzielonych odpowiedzi
Twoja historia wyników
Nie rozwiązałeś tego quizu